| 000 | 01052nam a2200301 i 4500 | ||
|---|---|---|---|
| 999 |
_c65194 _d65194 |
||
| 001 | 768714001 | ||
| 003 | CO-MdFUSB | ||
| 005 | 20190917171909.0 | ||
| 008 | 190906t1987 enk |||| |||| 00| 0 eng d | ||
| 020 | _a0802803180 | ||
| 040 |
_aCO-MdFUSB _bspa _cCO-MdFUSB _dCO-MdFUSBC _erda |
||
| 041 | _aeng | ||
| 082 |
_223 _a227.307 _bK94c |
||
| 100 |
_aKruse, Colin. _eautor |
||
| 245 | 1 | 2 |
_a2 Corinthians : _ban introduction and commentary. _c/ Colin Kruse. |
| 264 | 1 |
_aEngland : _bInterVarsity Press, _c[1987] |
|
| 264 | 4 | _c© 1987 | |
| 300 |
_a224 páginas _c; 20 cm |
||
| 336 |
_2rdacontent _atexto _btxt |
||
| 337 |
_2rdamedia _asin mediación _bn |
||
| 338 |
_2rdacarrier _avolumen _bnc |
||
| 490 | _aTyndale New Testament Commentaries | ||
| 505 | _aIntroducción: -- La ciudad de Corinto. -- Pablo y los corintios. -- Problemas literarios. -- Oposición a Pablo en Corinto. -- Fecha. -- Análisis. -- Comentario. | ||
| 563 | _aRústico. | ||
| 630 | 7 |
_aBiblia. _pCorintios, 2ª _xCrítica, interpretación, etc. |
|
| 942 | _cBK | ||
| 945 | _aJTF-925 | ||